[Event "2.BLS 1617 TSV Schönaich - SC Emmending"]
[Site "?"]
[Date "2017.04.23"]
[Round "8.1"]
[White "Baklan, Vladimir"]
[Black "Martinovic, Sasa"]
[Result "1/2-1/2"]
[WhiteElo "2600"]
[BlackElo "2551"]
[PlyCount "182"]
[EventDate "2017.??.??"]

1. e4 e6 2. d4 d5 3. Nd2 c5 4. exd5 Qxd5 5. Ngf3 cxd4 6. Bc4 Qd6 7. O-O Nf6 8.
Nb3 Nc6 9. Nbxd4 Nxd4 10. Nxd4 a6 11. Re1 Qc7 12. Bf1 Be7 13. Qf3 O-O 14. Bf4
Bd6 15. Bxd6 Qxd6 16. Rad1 Qc7 17. c4 Bd7 18. h3 Rfd8 19. Qe3 Be8 20. a3 a5 21.
b4 axb4 22. axb4 Qb6 23. Nc2 Qxe3 24. Nxe3 Rxd1 25. Rxd1 Kf8 26. c5 b6 27. cxb6
Rb8 28. f3 Rxb6 29. b5 Ke7 30. Kf2 Bd7 31. Ra1 Ne8 32. Ra6 Rb7 33. b6 Nd6 34.
Nc4 Nc8 35. Ra1 Bb5 36. Ra8 Bxc4 37. Rxc8 Bxf1 38. Kxf1 Rxb6 39. Kf2 Rb4 40. g4
Kf6 41. Kg3 Rb5 42. Rh8 Kg6 43. Ra8 h5 44. Ra7 Kf6 45. Rc7 g5 46. gxh5 Rb4 47.
Rc8 Rh4 48. Rh8 Kg7 49. Re8 Rxh5 50. Kg4 Rh4+ 51. Kxg5 Rxh3 52. Kg4 Rh1 53. Re7
Rg1+ 54. Kf4 Kf6 55. Ra7 e5+ 56. Ke3 Rb1 57. Rc7 Rb2 58. Ke4 Rb3 59. Ra7 Rb6
60. Ra8 Rb5 61. Ke3 Kf5 62. Rf8 f6 63. Kf2 Rb3 64. Rh8 Ra3 65. Rh3 Kg6 66. Rh8
f5 67. Re8 Kf6 68. Ke2 Ra2+ 69. Kf1 Rb2 70. Ke1 Rb5 71. Rg8 Ke6 72. Rf8 f4 73.
Rd8 Rd5 74. Ra8 Kd6 75. Ra7 Kc5 76. Ke2 Kb4 77. Ra8 Rc5 78. Rb8+ Kc3 79. Rd8
Kc4 80. Ra8 Rb5 81. Rc8+ Kd4 82. Rd8+ Kc3 83. Rc8+ Kb2 84. Rc4 Kb3 85. Re4 Kc3
86. Kf2 Ra5 87. Ke2 Rb5 88. Kf2 Kd3 89. Kf1 Ra5 90. Kf2 Kd2 91. Re2+ Kd3
1/2-1/2

[Event "2.BLS 1617 TSV Schönaich - SC Emmending"]
[Site "?"]
[Date "2017.04.23"]
[Round "8.2"]
[White "Volke, Karsten"]
[Black "Miezis, Normunds"]
[Result "1/2-1/2"]
[WhiteElo "2470"]
[BlackElo "2468"]
[PlyCount "35"]
[EventDate "2017.??.??"]

1. d4 Nf6 2. c4 e6 3. Nc3 Bb4 4. e3 c5 5. Nf3 O-O 6. Bd3 d5 7. O-O dxc4 8. Bxc4
Nbd7 9. Qe2 cxd4 10. exd4 Nb6 11. Bb3 Bd7 12. Bg5 Be7 13. Rad1 Bc6 14. Ne5 Nfd5
15. Bc1 Be8 16. Rd3 f6 17. Ng4 Bf7 18. Rg3 1/2-1/2

[Event "2.BLS 1617 TSV Schönaich - SC Emmending"]
[Site "?"]
[Date "2017.04.23"]
[Round "8.3"]
[White "Korpa, Bence"]
[Black "Menezes, Christoph"]
[Result "1-0"]
[WhiteElo "2496"]
[BlackElo "2404"]
[PlyCount "65"]
[EventDate "2017.??.??"]

1. Nf3 Nf6 2. g3 g6 3. b3 Bg7 4. Bb2 b6 5. Bg2 Bb7 6. O-O O-O 7. c4 c5 8. Nc3
Na6 9. e3 d5 10. Ne5 Rb8 11. f4 Nc7 12. Qe2 Nd7 13. d4 e6 14. Rfd1 cxd4 15.
exd4 f6 16. Nd3 Re8 17. Rac1 a5 18. Ba3 Rc8 19. Qf2 Bf8 20. Bxf8 Nxf8 21. c5
Na8 22. Nb5 Re7 23. Nd6 Rcc7 24. a3 bxc5 25. dxc5 Ba6 26. b4 Bxd3 27. Rxd3 axb4
28. axb4 Qxd6 29. cxd6 Rxc1+ 30. Bf1 Rd7 31. Ra3 Rd8 32. Ra6 Rcc8 33. Bb5 1-0

[Event "2.BLS 1617 TSV Schönaich - SC Emmending"]
[Site "?"]
[Date "2017.04.23"]
[Round "8.4"]
[White "Fischer, Sebastian"]
[Black "Shevchenko, Kirill"]
[Result "1/2-1/2"]
[WhiteElo "2200"]
[BlackElo "2491"]
[PlyCount "31"]
[EventDate "2017.??.??"]

1. d4 Nf6 2. Nf3 e6 3. Bg5 c5 4. c3 Be7 5. Nbd2 d5 6. e3 O-O 7. Bd3 b6 8. Ne5
Bb7 9. Qf3 Nbd7 10. Qh3 Nxe5 11. dxe5 Ne4 12. Bxe7 Qxe7 13. f3 Ng5 14. Qh5 g6
15. Qh4 f6 16. f4 1/2-1/2

[Event "2.BLS 1617 TSV Schönaich - SC Emmending"]
[Site "?"]
[Date "2017.04.23"]
[Round "8.5"]
[White "Weidemann, Joerg"]
[Black "Reck, Moritz"]
[Result "1-0"]
[WhiteElo "2298"]
[BlackElo "2113"]
[PlyCount "47"]
[EventDate "2017.??.??"]

1. e4 g6 2. d4 Bg7 3. Nc3 d6 4. Be2 Nc6 5. Nf3 e5 6. dxe5 Nxe5 7. Nxe5 dxe5 8.
Qxd8+ Kxd8 9. Bg5+ Kd7 10. O-O-O+ Kc6 11. Bb5+ Kb6 12. Be3+ c5 13. Bc4 Nf6 14.
Rd6+ Kc7 15. Rxf6 Bxf6 16. Nd5+ Kc6 17. Nxf6 Be6 18. Bxe6 fxe6 19. Ng4 b6 20.
Nxe5+ Kb5 21. c4+ Ka4 22. Kc2 Rac8 23. Bd2 Rhd8 24. Nd3 1-0

[Event "2.BLS 1617 TSV Schönaich - SC Emmending"]
[Site "?"]
[Date "2017.04.23"]
[Round "8.6"]
[White "Schnadt, Florian"]
[Black "Bauer, Andreas"]
[Result "1/2-1/2"]
[WhiteElo "2119"]
[BlackElo "2256"]
[PlyCount "32"]
[EventDate "2017.??.??"]

1. Nf3 f5 2. c4 Nf6 3. Nc3 d6 4. g3 g6 5. Bg2 Bg7 6. O-O O-O 7. d4 Qe8 8. d5 a5
9. e4 fxe4 10. Ng5 Na6 11. Ngxe4 Nxe4 12. Nxe4 Bf5 13. Qe2 Qd7 14. Be3 h6 15.
Qd2 Kh7 16. Bd4 e5 1/2-1/2

[Event "2.BLS 1617 TSV Schönaich - SC Emmending"]
[Site "?"]
[Date "2017.04.23"]
[Round "8.7"]
[White "Osorio-Ortiz, Marcos-Eduardo"]
[Black "Kuebler, Marcus"]
[Result "1/2-1/2"]
[WhiteElo "2242"]
[BlackElo "2001"]
[PlyCount "70"]
[EventDate "2017.??.??"]

1. e4 c5 2. Nf3 e6 3. d3 Nc6 4. g3 g6 5. Be3 d6 6. d4 cxd4 7. Nxd4 Bg7 8. Nc3
a6 9. Bg2 Bd7 10. Nb3 Qc7 11. a4 b6 12. O-O Rb8 13. Qe2 Bc8 14. f4 Nge7 15. g4
h5 16. f5 gxf5 17. gxf5 Bxc3 18. bxc3 Ne5 19. fxe6 Bxe6 20. Qe1 N7g6 21. Kh1
Qe7 22. Qc1 Rc8 23. Nd4 Rxc3 24. Ra3 Rxa3 25. Qxa3 Nc4 26. Qc3 Nxe3 27. Nxe6
Qxe6 28. Qxe3 O-O 29. Bh3 Qc4 30. Rg1 Re8 31. Bf5 Kg7 32. Qg5 Rxe4 33. Bxg6
fxg6 34. Qxg6+ Kf8 35. Qxd6+ Kf7 1/2-1/2

[Event "2.BLS 1617 TSV Schönaich - SC Emmending"]
[Site "?"]
[Date "2017.04.23"]
[Round "8.8"]
[White "Malich, Roman"]
[Black "Herbrechtsmeier, Christof"]
[Result "1/2-1/2"]
[WhiteElo "1734"]
[BlackElo "2248"]
[PlyCount "46"]
[EventDate "2017.??.??"]

1. d4 Nf6 2. Nf3 g6 3. Bg5 Bg7 4. c3 h6 5. Bh4 c5 6. Nbd2 cxd4 7. cxd4 Nc6 8.
e3 O-O 9. a3 d6 10. Bd3 e5 11. dxe5 dxe5 12. Ne4 Qe7 13. Nxf6+ Bxf6 14. Bxf6
Qxf6 15. Qa4 Rd8 16. Bc2 e4 17. Bxe4 Qxb2 18. O-O b5 19. Qc2 Qxc2 20. Bxc2 Bg4
21. Be4 Bxf3 22. Bxf3 Rac8 23. Rfb1 a6 1/2-1/2

[Event "2.BLS 1617 SC Emmendingen - SC Eppingen"]
[Site "?"]
[Date "2017.05.07"]
[Round "9.1"]
[White "Breder, Dennis"]
[Black "Baklan, Vladimir"]
[Result "1/2-1/2"]
[WhiteElo "2477"]
[BlackElo "2594"]
[PlyCount "102"]
[EventDate "2017.??.??"]

1. e4 c5 2. Nf3 Nc6 3. Bb5 Nf6 4. Nc3 Qc7 5. d3 d6 6. O-O e6 7. Re1 Bd7 8. a4
Be7 9. Bxc6 Bxc6 10. Nb5 Qd7 11. c4 O-O 12. Nc3 Rfd8 13. b3 b6 14. d4 cxd4 15.
Nxd4 Bb7 16. f3 Rac8 17. Bb2 a6 18. Rc1 Qc7 19. Kh1 Bf8 20. Qd2 Nd7 21. Ba1 Qb8
22. Nde2 Nc5 23. Rb1 Bc6 24. Red1 Be8 25. Qg5 Qb7 26. Ng3 f6 27. Qg4 Qf7 28.
Nge2 Rb8 29. Nd4 Bd7 30. Qg3 Kh8 31. h3 Rdc8 32. Nde2 e5 33. Qe1 b5 34. axb5
axb5 35. Nd5 f5 36. b4 Na4 37. c5 fxe4 38. fxe4 dxc5 39. Bxe5 Rb7 40. Qg3 Qg6
41. Qh4 Bc6 42. Ng3 Bxd5 43. Rxd5 cxb4 44. Rd8 Rxd8 45. Qxd8 Rf7 46. Rxb4 Nc5
47. Rxb5 Nxe4 48. Rb8 Nxg3+ 49. Bxg3 h6 50. Kh2 Kh7 51. Qd5 Qf5 1/2-1/2

[Event "2.BLS 1617 SC Emmendingen - SC Eppingen"]
[Site "?"]
[Date "2017.05.07"]
[Round "9.2"]
[White "Rausis, Igors"]
[Black "Noe, Christopher"]
[Result "1-0"]
[WhiteElo "2614"]
[BlackElo "2446"]
[PlyCount "129"]
[EventDate "2017.??.??"]

1. e4 e5 2. Nf3 Nc6 3. Bb5 a6 4. Ba4 Nf6 5. O-O Nxe4 6. d4 b5 7. Bb3 d5 8. dxe5
Be6 9. Nbd2 Nc5 10. c3 d4 11. Bc2 d3 12. Bb1 Be7 13. Nb3 Nxb3 14. axb3 Bf5 15.
b4 O-O 16. Bf4 Qd7 17. h3 Rfd8 18. g4 Be6 19. Re1 h5 20. Re3 Bxg4 21. Qxd3 Qxd3
22. Bxd3 Bxh3 23. Be4 Bd7 24. Rd3 Be8 25. Rxd8 Bxd8 26. Kg2 Rb8 27. Rxa6 Ne7
28. Bg5 Kf8 29. Be3 Nc8 30. Nd4 Ne7 31. f4 g6 32. Bf2 Bd7 33. Nb3 Bc8 34. Ra1
Bf5 35. Bf3 Be6 36. Nc5 Nd5 37. Ra6 Nb6 38. Nxe6+ fxe6 39. Kg3 Kf7 40. Bc5 Nc8
41. Bc6 Be7 42. Bd4 Nb6 43. Ra7 Bd8 44. Ra5 g5 45. fxg5 Bxg5 46. Bxb5 Nd5 47.
Bc4 Ne3 48. Rc5 Nf5+ 49. Kf3 Nxd4+ 50. cxd4 Bd8 51. b5 Rb6 52. Kf4 Ke7 53. Kg5
Kd7+ 54. Kxh5 Be7 55. Kg6 Bxc5 56. dxc5 Rb8 57. Kf7 Re8 58. Bxe6+ Kd8 59. b3
Re7+ 60. Kf6 Rh7 61. Bf5 Rh8 62. Bg6 Rh3 63. e6 Rf3+ 64. Bf5 Re3 65. b6 1-0

[Event "2.BLS 1617 SC Emmendingen - SC Eppingen"]
[Site "?"]
[Date "2017.05.07"]
[Round "9.3"]
[White "Yankelevich, Lev"]
[Black "Sokolov, Andrei"]
[Result "1/2-1/2"]
[WhiteElo "2447"]
[BlackElo "2505"]
[PlyCount "37"]
[EventDate "2017.??.??"]

1. d4 Nf6 2. c4 e6 3. Nc3 Bb4 4. Qc2 d6 5. Bg5 Nbd7 6. e3 c5 7. Bd3 Qa5 8. Nf3
cxd4 9. exd4 b6 10. Bd2 Bb7 11. Be2 O-O 12. O-O Rfc8 13. b3 b5 14. a3 Bxc3 15.
Bxc3 Qc7 16. Nd2 d5 17. c5 Nxc5 18. Bb4 Na6 19. Qxc7 1/2-1/2

[Event "2.BLS 1617 SC Emmendingen - SC Eppingen"]
[Site "?"]
[Date "2017.05.07"]
[Round "9.4"]
[White "Korpa, Bence"]
[Black "Guliyev, Namig"]
[Result "1/2-1/2"]
[WhiteElo "2492"]
[BlackElo "2569"]
[PlyCount "21"]
[EventDate "2017.??.??"]

1. Nf3 d5 2. g3 Bg4 3. Bg2 Nd7 4. c4 e6 5. cxd5 exd5 6. O-O Ngf6 7. d3 Be7 8.
h3 Bxf3 9. Bxf3 c6 10. e3 O-O 11. Bg2 1/2-1/2

[Event "2.BLS 1617 SC Emmendingen - SC Eppingen"]
[Site "?"]
[Date "2017.05.07"]
[Round "9.5"]
[White "Hacker, Jonas"]
[Black "Shevchenko, Kirill"]
[Result "0-1"]
[WhiteElo "2306"]
[BlackElo "2491"]
[PlyCount "92"]
[EventDate "2017.??.??"]

1. e4 c5 2. Nf3 d6 3. d4 cxd4 4. Nxd4 Nf6 5. Nc3 a6 6. Bg5 e6 7. f4 Be7 8. Qf3
h6 9. Bh4 Nbd7 10. O-O-O Qc7 11. Be2 O-O 12. g4 b5 13. g5 hxg5 14. Bxg5 b4 15.
Nd5 exd5 16. Nf5 Nc5 17. Nxe7+ Qxe7 18. e5 dxe5 19. fxe5 Bg4 20. Qe3 Ncd7 21.
Rhg1 Qe6 22. Bxf6 Nxf6 23. Qg5 Ne4 24. Qxg4 Qh6+ 25. Kb1 Nf2 26. Qxb4 Nxd1 27.
Rxd1 Qxh2 28. Bd3 Qxe5 29. Rh1 g6 30. b3 a5 31. Qb7 Rfb8 32. Qd7 Rb6 33. a4
Rab8 34. Ka2 R6b7 35. Qh3 Qg7 36. Rg1 Re7 37. Qf3 Qd4 38. Qg3 Qe5 39. Qh4 Rb4
40. Qh3 Qe3 41. Qg2 Qd4 42. Rh1 Rxa4+ 43. bxa4 Qxa4+ 44. Kb2 Rb7+ 45. Kc1 Qf4+
46. Kd1 Qe3 0-1

[Event "2.BLS 1617 SC Emmendingen - SC Eppingen"]
[Site "?"]
[Date "2017.05.07"]
[Round "9.7"]
[White "Bay, Nicolai"]
[Black "Weidemann, Joerg"]
[Result "0-1"]
[WhiteElo "2005"]
[BlackElo "2277"]
[PlyCount "84"]
[EventDate "2017.??.??"]

1. e4 d6 2. d4 Nf6 3. Bd3 e5 4. d5 Be7 5. c4 O-O 6. Nc3 c6 7. Nge2 a6 8. O-O
Nbd7 9. Ng3 Nc5 10. b4 Nxd3 11. Qxd3 a5 12. b5 cxb5 13. cxb5 a4 14. Ba3 g6 15.
Rfc1 h5 16. Rab1 h4 17. Nf1 Nh5 18. Rb4 Bg5 19. Rd1 Nf4 20. Qc2 Bg4 21. f3 Rc8
22. Bb2 a3 23. Ba1 Bd7 24. Rb3 Qa5 25. Qf2 Rc5 26. Nb1 Rfc8 27. Rxa3 Qxb5 28.
Nc3 Rxc3 29. Bxc3 Rxc3 30. Rxc3 Ne2+ 31. Kh1 Nxc3 32. Ra1 h3 33. Qc2 hxg2+ 34.
Qxg2 Bf4 35. Ng3 Kf8 36. Qc2 Qc5 37. Re1 b5 38. Kg2 b4 39. Ra1 Ba4 40. Qd3 Bb5
41. Qc2 Kg7 42. Re1 Bc4 0-1

[Event "2.BLS 1617 SC Emmendingen - SC Eppingen"]
[Site "?"]
[Date "2017.05.07"]
[Round "9.8"]
[White "Rahnfeld, Jens"]
[Black "Reimold, Jonas"]
[Result "1-0"]
[WhiteElo "2304"]
[BlackElo "2050"]
[PlyCount "67"]
[EventDate "2017.??.??"]

1. e4 e5 2. Nf3 Nf6 3. d4 Nxe4 4. Bd3 d5 5. Nxe5 Nd7 6. Nxd7 Bxd7 7. O-O Qh4 8.
c4 O-O-O 9. Nc3 Nf6 10. cxd5 Bd6 11. f4 Ng4 12. h3 h5 13. Ne4 Nh6 14. Ng5 Rde8
15. Bd2 Bg4 16. Rf3 Bxf3 17. Qxf3 Bxf4 18. Bxf4 Re1+ 19. Bf1 Rxa1 20. g3 Qxf4
21. Qxf4 Re8 22. Nf3 Rxa2 23. Qg5 Rxb2 24. Qxg7 Rb6 25. Qg5 Rg8 26. Qxh5 Rxg3+
27. Kf2 Rgg6 28. Bd3 Rgf6 29. Ke3 a5 30. Ne5 a4 31. Nc4 Rb3 32. Qe5 Nf5+ 33.
Kd2 Rd6 34. Qe8+ 1-0

[Event "2.BLS 1617 SC Untergrombach - TSV Schön"]
[Site "?"]
[Date "2017.05.07"]
[Round "9.1"]
[White "Ivanisevic, Ivan"]
[Black "Brunner, Nicolas"]
[Result "0-1"]
[WhiteElo "2638"]
[BlackElo "2459"]
[PlyCount "88"]
[EventDate "2017.??.??"]

1. e4 c5 2. Nf3 d6 3. d4 cxd4 4. Nxd4 Nf6 5. Nc3 a6 6. Bc4 e6 7. Bb3 b5 8. f4
Bb7 9. O-O Nbd7 10. Be3 Rc8 11. Qe2 b4 12. e5 dxe5 13. fxe5 Nxe5 14. Rad1 bxc3
15. Nxe6 Qa5 16. Ng5 Be7 17. Bd4 h6 18. Rf5 hxg5 19. Rxe5 Qc7 20. Bc5 Qxc5+ 21.
Rxc5 Rxc5 22. Ba4+ Kf8 23. b4 Rf5 24. Re1 Be4 25. Qc4 Bd6 26. h3 Bg3 27. Rxe4
Nxe4 28. Qxe4 g6 29. Qd3 Bf2+ 30. Kh1 Kg7 31. Qxc3+ Rf6 32. Bd7 Rd8 33. Qd3 g4
34. g3 gxh3 35. c4 Bxg3 36. Qxg3 Rxd7 37. Qe5 Rdd6 38. c5 Rde6 39. Qc3 g5 40.
Kh2 g4 41. Kg3 Re2 42. Qc1 Rg2+ 43. Kh4 h2 44. Kg5 g3 0-1

[Event "2.BLS 1617 SC Untergrombach - TSV Schön"]
[Site "?"]
[Date "2017.05.07"]
[Round "9.3"]
[White "Menezes, Christoph"]
[Black "Maier, Christian"]
[Result "1/2-1/2"]
[WhiteElo "2399"]
[BlackElo "2392"]
[PlyCount "104"]
[EventDate "2017.??.??"]

1. Nf3 d6 2. d4 Bg4 3. c4 Nf6 4. Nc3 c6 5. g3 Nbd7 6. Bg2 e5 7. O-O Be7 8. b3
O-O 9. Bb2 Re8 10. d5 cxd5 11. cxd5 Nc5 12. b4 Na6 13. a3 Qd7 14. Qd3 h6 15.
Nd2 Bh3 16. e4 Rac8 17. Rfc1 Bxg2 18. Kxg2 Nh5 19. Qb5 Qg4 20. f3 Qg6 21. Rc2
Rb8 22. Rac1 Rf8 23. Kh1 Bd8 24. Qd7 Bb6 25. Qf5 Qxf5 26. exf5 Nf6 27. Nde4
Nxe4 28. Nxe4 f6 29. Rc4 Rbd8 30. a4 Rd7 31. Ba3 Rfd8 32. h4 Kf7 33. Kh2 Ke7
34. Kh3 Rc7 35. Rxc7+ Bxc7 36. b5 Nc5 37. Nxc5 dxc5 38. Bxc5+ Bd6 39. Bxa7 Ra8
40. b6 h5 41. Rc4 Kd7 42. g4 Rh8 43. a5 Rc8 44. Rxc8 Kxc8 45. gxh5 Bb4 46. h6
gxh6 47. Kg4 Bxa5 48. Kh5 Be1 49. Kxh6 Bxh4 50. Kg6 Kd7 51. Bb8 Ke7 52. Bc7 Kd7
1/2-1/2

[Event "2.BLS 1617 SC Untergrombach - TSV Schön"]
[Site "?"]
[Date "2017.05.07"]
[Round "9.4"]
[White "Schneider, Bernd"]
[Black "Fischer, Sebastian"]
[Result "1/2-1/2"]
[WhiteElo "2296"]
[BlackElo "2210"]
[PlyCount "67"]
[EventDate "2017.??.??"]

1. e4 d5 2. exd5 Qxd5 3. Nc3 Qa5 4. Bc4 Nf6 5. Nf3 Bg4 6. h3 Bh5 7. d3 Nc6 8.
Bb5 Nd5 9. Bd2 Nxc3 10. Bxc6+ bxc6 11. Bxc3 Qd5 12. g4 Bg6 13. Rg1 f6 14. Qe2
e5 15. Nd2 Bc5 16. Nc4 Bd4 17. Bb4 Bf7 18. a4 Bc5 19. Ba5 Bb6 20. Bd2 Bc5 21.
O-O-O O-O-O 22. Rge1 Rhe8 23. f3 Kb8 24. Ba5 Bb6 25. Bd2 Bc5 26. Kb1 Ka8 27.
Qe4 Bg6 28. Qe2 Bf7 29. Be3 Rb8 30. Qf2 Bb4 31. Bd2 Bc5 32. Be3 Bb4 33. Bd2 Bc5
34. Be3 1/2-1/2

[Event "2.BLS 1617 SC Untergrombach - TSV Schön"]
[Site "?"]
[Date "2017.05.07"]
[Round "9.5"]
[White "Reck, Moritz"]
[Black "Cofman, Veaceslav"]
[Result "0-1"]
[WhiteElo "2095"]
[BlackElo "2164"]
[PlyCount "82"]
[EventDate "2017.??.??"]

1. e4 e6 2. Nc3 d5 3. g3 Nf6 4. e5 Nfd7 5. f4 b6 6. Nf3 Be7 7. d4 c5 8. Ne2 Nc6
9. c3 Bb7 10. Bh3 cxd4 11. Nexd4 Nxd4 12. Nxd4 g6 13. O-O Qc7 14. Qe2 Nc5 15.
Qb5+ Qd7 16. Be3 Ba6 17. Qxd7+ Kxd7 18. Rfd1 Na4 19. Rd2 Rac8 20. Rad1 Kc7 21.
g4 h5 22. g5 Kb7 23. Nxe6 fxe6 24. Bxe6 Rcf8 25. Bxd5+ Kb8 26. Kg2 Bc8 27. h4
Nc5 28. Kg3 Ne6 29. b4 Ng7 30. Be4 Nf5+ 31. Bxf5 Bxf5 32. a4 Rc8 33. Bd4 Be6
34. Ra1 Rhd8 35. a5 Kb7 36. Kf2 Rc4 37. Ke3 Bc5 38. axb6 Rxc3+ 39. Ke2 Bxd4 40.
Rxa7+ Kxb6 41. Rg7 Re3+ 0-1

[Event "2.BLS 1617 SC Untergrombach - TSV Schön"]
[Site "?"]
[Date "2017.05.07"]
[Round "9.6"]
[White "Sieglen, Joachim"]
[Black "Schnadt, Florian"]
[Result "1-0"]
[WhiteElo "2224"]
[BlackElo "2119"]
[PlyCount "77"]
[EventDate "2017.??.??"]

1. d4 d5 2. c4 c6 3. Nf3 e6 4. e3 Nf6 5. b3 Nbd7 6. Bb2 Bd6 7. Bd3 O-O 8. O-O
Re8 9. Ne5 Qc7 10. f4 c5 11. Nc3 a6 12. Kh1 b6 13. Rc1 Bb7 14. cxd5 exd5 15.
Bf5 b5 16. dxc5 Bxe5 17. fxe5 Qxe5 18. b4 Qxe3 19. Bxd7 Nxd7 20. Nxd5 Qe2 21.
c6 Bxc6 22. Rxc6 Qxb2 23. Nc7 Ne5 24. Rc2 Qxb4 25. Nxa8 Rxa8 26. Qd5 Re8 27.
Rc7 Qf8 28. h3 h6 29. Ra7 b4 30. Rxa6 Qe7 31. Ra8 Rxa8 32. Qxa8+ Kh7 33. Qe4+
Kg8 34. Rb1 f6 35. Rxb4 Qc5 36. Rb8+ Kf7 37. a4 h5 38. Rb5 Qd6 39. Qd5+ 1-0

[Event "2.BLS 1617 SC Untergrombach - TSV Schön"]
[Site "?"]
[Date "2017.05.07"]
[Round "9.7"]
[White "Steinhart, Christoph"]
[Black "Fuchs, Heinz"]
[Result "0-1"]
[WhiteElo "2015"]
[BlackElo "2249"]
[PlyCount "130"]
[EventDate "2017.??.??"]

1. e4 c5 2. c4 Nc6 3. Nc3 g6 4. g3 Bg7 5. Bg2 d6 6. d3 e6 7. Nge2 Nge7 8. a3
O-O 9. O-O Nd4 10. Nxd4 cxd4 11. Ne2 e5 12. b4 Be6 13. h3 Qd7 14. Kh2 f5 15. f4
fxe4 16. Bxe4 Bxh3 17. Rh1 Bf5 18. Ra2 Bxe4 19. dxe4 Qe6 20. Rc2 Rac8 21. Qd3
Kh8 22. Bb2 b6 23. Rhc1 Nc6 24. Kg2 Rce8 25. fxe5 Nxe5 26. Qxd4 Qg4 27. Ng1 Rf7
28. Rf2 Nf3 29. Qe3 Bxb2 30. Rxb2 Rxe4 31. Qc3+ Ne5 32. c5 Rc4 33. Qe1 Rxc1 34.
Qxc1 Qe4+ 35. Kh3 bxc5 36. bxc5 dxc5 37. Qxc5 Kg7 38. Re2 Qh1+ 39. Rh2 Qe4 40.
Re2 Qf5+ 41. Kg2 Qf1+ 42. Kh1 Nf3 43. Rc2 Qxg1+ 44. Qxg1 Nxg1 45. Kxg1 Rf3 46.
Rc7+ Kh6 47. Rxa7 Rxg3+ 48. Kh2 Rb3 49. a4 Ra3 50. a5 g5 51. a6 Kg6 52. Ra8 Kh5
53. Rh8 h6 54. Ra8 Kg4 55. a7 Ra2+ 56. Kg1 Kg3 57. Kf1 g4 58. Rh8 Ra1+ 59. Ke2
Rxa7 60. Rxh6 Kg2 61. Re6 g3 62. Re8 Kh2 63. Rh8+ Kg1 64. Re8 g2 65. Re6 Rh7
0-1

[Event "2.BLS 1617 SC Untergrombach - TSV Schön"]
[Site "?"]
[Date "2017.05.07"]
[Round "9.8"]
[White "Vatter, Hans-Joachim"]
[Black "Kuebler, Marcus"]
[Result "0-1"]
[WhiteElo "2202"]
[BlackElo "2001"]
[PlyCount "138"]
[EventDate "2017.??.??"]

1. e4 c5 2. Nf3 Nc6 3. d4 cxd4 4. Nxd4 Qc7 5. Nc3 e6 6. Be3 a6 7. Bd3 b5 8. O-O
Bb7 9. Kh1 Nf6 10. Qe2 Be7 11. a3 Ne5 12. f4 Nc4 13. Ndxb5 axb5 14. Nxb5 Qb8
15. Bxc4 Bxe4 16. b4 O-O 17. Bd4 Bf5 18. Bd3 Bxd3 19. Qxd3 d5 20. Be5 Qb6 21.
c3 Rfc8 22. a4 Rc4 23. Bd4 Qb8 24. Qe3 Ne4 25. Na3 Rc8 26. Nb1 Qb7 27. Nd2 Nd6
28. g4 h5 29. h3 hxg4 30. hxg4 Bf6 31. f5 e5 32. Bc5 d4+ 33. Qf3 e4 34. Qg2
dxc3 35. Nb3 Nc4 36. Rfe1 Nd2 37. Nxd2 cxd2 38. Qxd2 Bxa1 39. Rxa1 Rd8 40. Qg2
Rd3 41. a5 Qd5 42. Re1 Rf3 43. Qe2 Qc6 44. Qxe4 Qh6+ 45. Kg1 Rg3+ 46. Kf1 Qh3+
47. Ke2 Rd8 48. Bf2 Ra3 49. Rc1 Ra2+ 50. Rc2 Rxc2+ 51. Qxc2 Qxg4+ 52. Kf1 Rd1+
53. Be1 Qh3+ 54. Ke2 Qg4+ 55. Kf1 Qf4+ 56. Ke2 Qg4+ 57. Kf1 Qf3+ 58. Qf2 Qd3+
59. Qe2 Qxf5+ 60. Kg2 Qg5+ 61. Kf1 Qf4+ 62. Kg2 Rd6 63. Qf2 Qg4+ 64. Qg3 Qe2+
65. Qf2 Rg6+ 66. Kh2 Qe5+ 67. Kh3 Qh5+ 68. Qh4 Qf3+ 69. Bg3 Qh1+ 0-1

[Event "2.BLS 1617 Caissa Schwarzb. - SC Deizis"]
[Site "?"]
[Date "2017.05.07"]
[Round "9.1"]
[White "Krasenkow, Michal"]
[Black "Frischmann, Rick"]
[Result "1-0"]
[WhiteElo "2627"]
[BlackElo "2308"]
[PlyCount "77"]
[EventDate "2017.??.??"]

1. d4 Nf6 2. c4 g6 3. Nc3 d5 4. cxd5 Nxd5 5. e4 Nxc3 6. bxc3 Bg7 7. Bg5 c5 8.
Rc1 O-O 9. d5 Qd6 10. Nf3 Bg4 11. Be2 Nd7 12. Nd2 Bxe2 13. Qxe2 Rae8 14. Nc4
Qa6 15. Ne3 b5 16. O-O Nb6 17. f4 Na4 18. Qd2 c4 19. Ng4 Nc5 20. Nf2 Qa3 21.
Qe3 Na4 22. e5 f6 23. Bh4 fxe5 24. fxe5 Nb6 25. Rfd1 Rf5 26. Ng4 Nd7 27. Bg3
Qc5 28. e6 Qxe3+ 29. Nxe3 Nc5 30. Nxf5 gxf5 31. Rf1 Nd3 32. Rc2 f4 33. Bxf4 Rd8
34. d6 Bf6 35. d7 Nc5 36. Bc7 Nxe6 37. Bxd8 Nxd8 38. Rxf6 exf6 39. Re2 1-0

[Event "2.BLS 1617 Caissa Schwarzb. - SC Deizis"]
[Site "?"]
[Date "2017.05.07"]
[Round "9.2"]
[White "Oberhofer, Andre"]
[Black "Dautov, Rustem"]
[Result "0-1"]
[WhiteElo "2283"]
[BlackElo "2593"]
[PlyCount "104"]
[EventDate "2017.??.??"]

1. e4 c6 2. d4 d5 3. e5 Bf5 4. Bd3 Bxd3 5. Qxd3 e6 6. Nf3 Qa5+ 7. Bd2 Qa6 8. b4
Qxd3 9. cxd3 Nd7 10. O-O f6 11. a3 Ne7 12. exf6 gxf6 13. Nc3 Nf5 14. Rfb1 Bd6
15. Na4 b6 16. Nc3 Kf7 17. Ne2 Rac8 18. a4 h5 19. h4 e5 20. g3 exd4 21. Nexd4
Nxd4 22. Nxd4 Be5 23. Nf5 Ke6 24. Ng7+ Kf7 25. Nf5 Bxa1 26. Nd6+ Kg6 27. Nxc8
Rxc8 28. Rxa1 Ne5 29. Ra3 Nf3+ 30. Kf1 Nxd2+ 31. Ke2 Nb1 32. Rb3 Re8+ 33. Kd1
Kf5 34. Rxb1 Kg4 35. Rc1 Re6 36. d4 Kf3 37. Rc2 a6 38. b5 cxb5 39. axb5 axb5
40. Rb2 b4 41. Rxb4 Kxf2 42. Rb5 Rd6 43. Rb3 f5 44. Kd2 b5 45. Rxb5 Kxg3 46.
Rb8 f4 47. Rg8+ Kxh4 48. Rg7 Re6 49. Rd7 f3 50. Rxd5 f2 51. Rf5 Kg3 52. d5 Re1
0-1

[Event "2.BLS 1617 Caissa Schwarzb. - SC Deizis"]
[Site "?"]
[Date "2017.05.07"]
[Round "9.3"]
[White "Lagarde, Maxime"]
[Black "Fries, Frederik"]
[Result "1/2-1/2"]
[WhiteElo "2601"]
[BlackElo "2307"]
[PlyCount "103"]
[EventDate "2017.??.??"]

1. e4 e5 2. Nf3 Nf6 3. Nxe5 d6 4. Nf3 Nxe4 5. Qe2 Qe7 6. d3 Nf6 7. Nc3 g6 8. h3
Qxe2+ 9. Bxe2 Bg7 10. Bf4 O-O 11. O-O-O a6 12. Nd4 Bd7 13. Bf3 Nc6 14. Nxc6
Bxc6 15. Bxc6 bxc6 16. Na4 Nd5 17. Bd2 Bd4 18. Rdf1 Rfe8 19. c3 Bg7 20. c4 Nb6
21. Nc3 c5 22. b3 Bxc3 23. Bxc3 Re2 24. Bd2 Nd7 25. Kd1 Rae8 26. g4 Nb8 27. Re1
Rxe1+ 28. Rxe1 Rxe1+ 29. Kxe1 Nc6 30. Bc3 Kf8 31. Ke2 Ke7 32. Ke3 Ke6 33. Ke4
f6 34. a3 Ne7 35. d4 d5+ 36. Kd3 cxd4 37. Kxd4 dxc4 38. Kxc4 Nd5 39. Bd2 Kd6
40. a4 c5 41. a5 Kc6 42. Bh6 Nc7 43. Bf8 Ne6 44. Be7 f5 45. gxf5 gxf5 46. h4 h5
47. b4 cxb4 48. Bxb4 Nf4 49. Bd2 Ng6 50. Bg5 Ne5+ 51. Kd4 Ng6 52. Kc4 1/2-1/2

[Event "2.BLS 1617 Caissa Schwarzb. - SC Deizis"]
[Site "?"]
[Date "2017.05.07"]
[Round "9.4"]
[White "Wild, Achim"]
[Black "Graf, Alexander"]
[Result "0-1"]
[WhiteElo "2274"]
[BlackElo "2573"]
[PlyCount "90"]
[EventDate "2017.??.??"]

1. Nf3 Nf6 2. c4 e6 3. g3 d5 4. Bg2 Be7 5. O-O O-O 6. b3 c5 7. cxd5 exd5 8. d4
Nc6 9. Nc3 Re8 10. Bb2 Bg4 11. dxc5 Bxc5 12. Rc1 Bf8 13. h3 Be6 14. e3 Qa5 15.
a3 Ne4 16. Ne2 f6 17. Nfd4 Nxd4 18. Nxd4 Bf7 19. Qg4 Rad8 20. h4 Qb6 21. Qd1 a5
22. a4 Bc5 23. Re1 Qd6 24. Nf5 Qf8 25. Bf3 b6 26. Kg2 h5 27. Nd4 g6 28. Re2 g5
29. Rec2 gxh4 30. gxh4 Kh7 31. Kh1 Qh6 32. Qf1 Rg8 33. Qh3 Rde8 34. Qf5+ Bg6
35. Qxd5 Re5 36. Qd7+ Rg7 37. Qh3 Nd6 38. Re2 Bd3 39. Ree1 Ne4 40. Qh2 Nd2 41.
Bg2 Ne4 42. Bf3 Bxd4 43. Bxd4 Rf5 44. Rg1 Rxf3 45. Rxg7+ Qxg7 0-1

[Event "2.BLS 1617 Caissa Schwarzb. - SC Deizis"]
[Site "?"]
[Date "2017.05.07"]
[Round "9.5"]
[White "Demuth, Adrien"]
[Black "Weller, Manuel"]
[Result "1-0"]
[WhiteElo "2542"]
[BlackElo "2213"]
[PlyCount "55"]
[EventDate "2017.??.??"]

1. Nf3 Nf6 2. g3 g6 3. b3 Bg7 4. Bb2 O-O 5. Bg2 c5 6. c4 Nc6 7. O-O d6 8. d4
cxd4 9. Nxd4 Bd7 10. Nc3 Qa5 11. e3 Rfc8 12. Re1 Rab8 13. Rc1 Qd8 14. Qe2 a6
15. h3 Bf8 16. Nc2 Bg7 17. Red1 Rc7 18. e4 Rcc8 19. Ne3 Qa5 20. a3 Qb6 21. b4
Qa7 22. Kh2 Be8 23. b5 axb5 24. cxb5 Nd4 25. Rxd4 Qxd4 26. Ncd5 Rxc1 27. Nxe7+
Kf8 28. Bxd4 1-0